| 000 | 00659nam a22002057a 4500 | ||
|---|---|---|---|
| 999 |
_c16374 _d16374 |
||
| 003 | AR-CdUCM | ||
| 008 | 190329b ||||| |||| 00| 0 spa d | ||
| 040 |
_aMUNICIPALIDAD PROVINCIAL DEL CUSCO _cBIBLIOTECA MUNICIPAL DEL CUSCO |
||
| 082 |
_a869.964 / _bB45 _22ed. |
||
| 100 |
_aBernal, Emilia _926583 |
||
| 245 |
_aLayka froyka : _bEl romance de cuando yo era niña / |
||
| 260 |
_aMadrid : _bGalo Sáez, _c1931. |
||
| 300 |
_a189 páginas ; _c19 cm. |
||
| 505 | _aContenido: Ciudad colonia -- MI padre -- Las minas ... | ||
| 650 |
_aLiteratura _983 |
||
| 650 |
_aRomance _9410 |
||
| 650 |
_aSiglo XX _98 |
||
| 942 |
_2ddc _cLIBROS |
||
| 945 |
_arah _d03/05/2019 |
||